书目信息 |
| 题名: |
小城镇基础设施规划
|
|
| 作者: | 朱建达 , 费忠民 编著 ;袁中金 , 杨新海 主编 | |
| 分册: | ||
| 出版信息: | 南京 出东南大学版社 2002 |
|
| 页数: | 183页 | |
| 开本: | 30cm | |
| 丛书名: | 小城镇规划与建设丛书 | |
| 单 册: | ||
| 中图分类: | TU984.11 , TU982.29 | |
| 科图分类: | ||
| 主题词: | 城镇--基础设施--城市规划 , 基础设施 , 区域规划 | |
| 电子资源: | ||
| ISBN: | 7-81050-729-X | |
| 000 | 01031nam0 2200313 45 | |
| 001 | 012004000000 | |
| 005 | 20050426101927.91 | |
| 010 | @a7-81050-729-X@dCNY 25.00 | |
| 100 | @a20041231d2002 em y0chiy0121 ea | |
| 101 | 0 | @achi |
| 102 | @aCN@b320000 | |
| 105 | @aak z 000yy | |
| 200 | 1 | @a小城镇基础设施规划@Axiao cheng zheng ji chu she shi gui hua@dInfrastructure planning of small town@f朱建达, 费忠民等编著@zeng |
| 210 | @a南京@c出东南大学版社@d2002 | |
| 215 | @a183页@c图, 表格@d30cm | |
| 225 | 2 | @a小城镇规划与建设丛书@f袁中金, 杨新海主编 |
| 410 | 0 | @12001 @a小城镇规划与建设丛书 |
| 510 | 1 | @aInfrastructure planning of small town@zeng |
| 606 | 0 | @a城镇@x基础设施@x城市规划 |
| 606 | 0 | @a基础设施 |
| 606 | 0 | @a区域规划 |
| 690 | @aTU984.11@v4 | |
| 690 | @aTU982.29@v3 | |
| 701 | 0 | @a朱建达@Azhu jian da@4编著 |
| 701 | 0 | @a费忠民@Afei zhong min@4编著 |
| 702 | 0 | @a袁中金@Ayuan zhong jin@4主编 |
| 702 | 0 | @a杨新海@Ayang xin hai@4主编 |
| 801 | 0 | @aCN@bQSSKxf@c20050426 |
| 905 | @a10447@dTU982.29@eZ850 | |
| 小城镇基础设施规划=Infrastructure planning of small town/朱建达, 费忠民等编著.-南京:出东南大学版社,2002 |
| 183页:图, 表格;30cm.-(小城镇规划与建设丛书/袁中金, 杨新海主编) |
| ISBN 7-81050-729-X:CNY 25.00 |
| ● |
| 相关链接 |
|
|
|
正题名:小城镇基础设施规划
索取号:TU982.29/Z850
 
预约/预借
| 序号 | 登录号 | 条形码 | 馆藏地/架位号 | 状态 | 备注 |
| 1 | 442092 | 204420929 | 建筑库201/201建筑库 59排4列1层/ [索取号:TU982.29/Z850] | 在馆 | |
| 2 | 442093 | 204420938 | 建筑库201/201建筑库 59排4列1层/ [索取号:TU982.29/Z850] | 在馆 | |
| 3 | 442094 | 204420947 | 建筑库201/201建筑库 59排4列1层/ [索取号:TU982.29/Z850] | 在馆 | |
| 4 | 442095 | 204420956 | 建筑库201/201建筑库 59排4列1层/ [索取号:TU982.29/Z850] | 在馆 | |
| 5 | 442096 | 204420965 | 建筑库201/201建筑库 59排4列1层/ [索取号:TU982.29/Z850] | 在馆 |